| 000 | 01306cam a2200349 a 4500 | ||
|---|---|---|---|
| 001 | 000014328 | ||
| 005 | 20200929163557.0 | ||
| 008 | 760401s1948 ag 001 0 spa d | ||
| 035 | _a(OCoLC)2085150 | ||
| 040 |
_aDO-SdBNP _cTxU-Da _dOCoLC _dDLC |
||
| 041 | 1 | 7 |
_aspa _hfre _2código de idioma Marc |
| 042 | _apremarc | ||
| 050 | 0 | 0 |
_aHD8045 _b.C317 |
| 082 |
_annn _bC244t |
||
| 100 | 1 |
_aCapitan, L. _d1854-1929. _932328 |
|
| 240 | 1 | 7 |
_aLe travail en Amérique avant et après Colomb. _lfrancés |
| 245 | 1 | 3 |
_aEl trabajo en América : _bantes y después de Colón / _cL. Capitan y Henri Lorin ; traducido por Augusto Cortazar. |
| 260 |
_aBuenos Aires : _bArgos, _c1948. |
||
| 300 |
_a367 p. ; _c21 cm. |
||
| 490 | 1 | _aBiblioteca Argos. Historia y viajes | |
| 534 |
_aTítulo del original francés _tLe travail en Amérique avant et après Colomb. |
||
| 650 | 0 |
_aLabor _zAmerica _xHistory. _932329 |
|
| 651 | 0 |
_aAmerica _xIndustries _xHistory. _932330 |
|
| 650 | 0 |
_aIndians _xIndustries. _932331 |
|
| 650 | 0 |
_aIndians _xAntiquities. _932332 |
|
| 650 | 0 |
_aSlavery _zAmerica _932333 |
|
| 700 | 1 |
_aLorin, Henri, _d1866-1932, _932334 |
|
| 700 | 1 |
_aCortazar, Augusto Raúl, _d1910- _etr _932335 |
|
| 830 | 0 |
_aBiblioteca Argos. Historia y viajes ; _932336 |
|
| 910 | _aCatalogación por copia/LC | ||
| 049 | _aBNGR | ||
| 999 |
_c13923 _d13923 |
||